[Event "Magyar rapid bajnokság"]
[Site "Ajka"]
[Date "2020.07.18"]
[Round "7.10"]
[White "Aczel, Gergely"]
[Black "Havanecz, Bianka"]
[Result "1/2-1/2"]
[WhiteElo "2506"]
[BlackElo "2122"]
[PlyCount "215"]
[EventDate "2020.07.17"]
[EventType "swiss"]
[EventRounds "13"]
[EventCountry "HUN"]

1. d4 d5 2. c4 e6 3. Nc3 Nf6 4. cxd5 exd5 5. Bg5 Be7 6. e3 c6 7. Bd3 Nbd7 8. h3
O-O 9. Qc2 Re8 10. Nf3 Nf8 11. O-O Ne4 12. Bf4 Nd6 13. Rfc1 Be6 14. Rab1 a5 15.
a3 Nc4 16. Ne5 Bd6 17. Ne2 Bxe5 18. dxe5 b5 19. a4 Qb6 20. Nd4 Rac8 21. Nxe6
fxe6 22. Ra1 bxa4 23. Bxc4 dxc4 24. Rxa4 Ng6 25. Rxc4 c5 26. b3 Rf8 27. Bg3
Rfd8 28. Kh2 Rd5 29. e4 Rdd8 30. f4 Nf8 31. f5 Rc7 32. f6 Rdc8 33. Rd1 Qb5 34.
Rd6 Qe8 35. Qd2 Qb5 36. Rc3 a4 37. bxa4 Qxa4 38. Qf4 Rf7 39. Qg4 c4 40. Bf2 Qa5
41. Bd4 Qb5 42. Qg3 Rb7 43. Rb6 Qd7 44. fxg7 Ng6 45. Rd6 Qe8 46. Qg4 Re7 47. h4
Rxg7 48. Rxe6 Qd8 49. Rd6 Qxh4+ 50. Qxh4 Nxh4 51. g3 Ng6 52. e6 Re7 53. Bf6
Ree8 54. e5 Nf8 55. e7 Ng6 56. Rd7 Kf7 57. Rf3 c3 58. Bg5+ Kg8 59. Rd8 c2 60.
Rf1 Kg7 61. Rd7 Nxe5 62. Rd5 Nf7 63. Bf6+ Kg8 64. Rc1 Rc6 65. Bh4 Kg7 66. Rd2
Nh6 67. Rdxc2 Rxc2+ 68. Rxc2 Nf5 69. Bg5 Nxe7 70. Rc7 Kf7 71. Kh3 Ke6 72. Kg4
Nd5 73. Rxh7 Rg8 74. Rh6+ Ke5 75. Kh4 Nb4 76. g4 Nd3 77. Rh7 Nc5 78. Be3 Ne6
79. g5 Ra8 80. Kg4 Ra4+ 81. Kf3 Ra3 82. Kf2 Ke4 83. Re7 Ra2+ 84. Kg3 Kf5 85.
Rf7+ Ke4 86. Rf6 Ng7 87. Bc1 Nh5+ 88. Kg4 Nxf6+ 89. gxf6 Rg2+ 90. Kh4 Rf2 91.
Kg5 Ke5 92. Be3 Rf5+ 93. Kg4 Rxf6 94. Kg3 Ke4 95. Bc1 Rg6+ 96. Kf2 Rc6 97. Bg5
Rc2+ 98. Kg3 Rc3+ 99. Kf2 Kf5 100. Bh6 Rh3 101. Bc1 Kg4 102. Ke2 Rb3 103. Bh6
Kf5 104. Kf2 Ke4 105. Bg5 Rf3+ 106. Kg2 Rf8 107. Bc1 Kd3 108. Kg3 1/2-1/2

[Event "Magyar rapid bajnokság"]
[Site "Ajka"]
[Date "2020.07.18"]
[Round "7.11"]
[White "Meszaros, Tamas"]
[Black "Papp, Gabor"]
[Result "0-1"]
[WhiteElo "2401"]
[BlackElo "2603"]
[PlyCount "64"]
[EventDate "2020.07.17"]
[EventType "swiss"]
[EventRounds "13"]
[EventCountry "HUN"]

1. e4 g6 2. d4 Bg7 3. Nc3 d6 4. Be3 c6 5. Qd2 b5 6. f3 Nd7 7. h4 Ngf6 8. g4 Nb6
9. h5 b4 10. Nd1 a5 11. h6 Bf8 12. a3 bxa3 13. Rxa3 a4 14. c4 Ba6 15. Qb4 Nfd7
16. c5 dxc5 17. dxc5 Bxf1 18. Kxf1 Nxc5 19. Qxc5 Qxd1+ 20. Kf2 Nd7 21. Qxc6 Rb8
22. Kg3 e6 23. Rxa4 Bd6+ 24. Kg2 Rxb2+ 25. Bf2 Rxf2+ 26. Kxf2 Bc5+ 27. Kg2 Qd2+
28. Kh3 O-O 29. Rh2 Qxh6+ 30. Kg3 Qc1 31. Qxd7 Qxg1+ 32. Rg2 Bf2+ 0-1

[Event "Magyar rapid bajnokság"]
[Site "Ajka"]
[Date "2020.07.18"]
[Round "7.12"]
[White "Balint, Vilmos"]
[Black "Seres, Lajos"]
[Result "1/2-1/2"]
[WhiteElo "2187"]
[BlackElo "2455"]
[PlyCount "82"]
[EventDate "2020.07.17"]
[EventType "swiss"]
[EventRounds "13"]
[EventCountry "HUN"]

1. Nf3 c5 2. c4 Nc6 3. g3 Nf6 4. Bg2 d5 5. cxd5 Nxd5 6. d3 e5 7. O-O Be7 8. Nc3
Be6 9. Nd2 O-O 10. Nxd5 Bxd5 11. Nc4 Bxg2 12. Kxg2 Qd7 13. Be3 Rad8 14. f3 h5
15. Rc1 h4 16. Qa4 h3+ 17. Kh1 b6 18. a3 Qb7 19. Kg1 Nd4 20. Qd1 Nf5 21. Bf2
Bg5 22. Rc3 Rfe8 23. e4 Nd4 24. Be3 Bxe3+ 25. Nxe3 Qd7 26. Nd5 Nb5 27. Rc2 Nc7
28. Nxc7 Qxc7 29. b4 Qd6 30. bxc5 bxc5 31. Rff2 Qd4 32. Qf1 Qxd3 33. Qxh3 Qxa3
34. Qf5 Qe3 35. Kg2 Rd1 36. Rb2 Red8 37. Rb7 Qxf2+ 38. Kxf2 R8d2+ 39. Ke3 Rd3+
40. Ke2 R3d2+ 41. Ke3 Rd3+ 1/2-1/2

[Event "Magyar rapid bajnokság"]
[Site "Ajka"]
[Date "2020.07.18"]
[Round "7.13"]
[White "Karacsonyi, Gellert"]
[Black "Ruck, Robert"]
[Result "0-1"]
[WhiteElo "2167"]
[BlackElo "2453"]
[PlyCount "72"]
[EventDate "2020.07.17"]
[EventType "swiss"]
[EventRounds "13"]
[EventCountry "HUN"]

1. e4 c6 2. Nc3 d5 3. Nf3 Bg4 4. h3 Bxf3 5. Qxf3 e6 6. Be2 Nf6 7. O-O dxe4 8.
Nxe4 Nxe4 9. Qxe4 Nd7 10. d4 Nf6 11. Qh4 Be7 12. c3 O-O 13. Bg5 Nd5 14. Bxe7
Nxe7 15. Rfd1 Qd6 16. Bd3 g6 17. g3 Rad8 18. Kg2 Rd7 19. Bc2 Rfd8 20. Qe4 Nd5
21. h4 Nf6 22. Qf3 Kg7 23. Qe2 Qd5+ 24. Qf3 Qb5 25. Rab1 Rd6 26. Bd3 Qa4 27. a3
Qb3 28. Rd2 h5 29. Bc2 Qb5 30. Rdd1 Ng4 31. Bd3 Qb6 32. Bc2 e5 33. b4 Rf6 34.
Qd3 Rxf2+ 35. Kg1 exd4 36. cxd4 Rf6 0-1

[Event "Magyar rapid bajnokság"]
[Site "Ajka"]
[Date "2020.07.18"]
[Round "7.14"]
[White "Krstulovic, Alex"]
[Black "Fancsy, Imre"]
[Result "1/2-1/2"]
[WhiteElo "2108"]
[BlackElo "2414"]
[PlyCount "71"]
[EventDate "2020.07.17"]
[EventType "swiss"]
[EventRounds "13"]
[EventCountry "HUN"]

1. d4 d5 2. Nf3 Nf6 3. Bf4 c5 4. e3 Nc6 5. Nbd2 Qb6 6. dxc5 Qxb2 7. Rb1 Qc3 8.
Bd3 e6 9. O-O Be7 10. e4 dxe4 11. Nxe4 Nxe4 12. Bxe4 Qxc5 13. Qe2 O-O 14. Rb5
Nd4 15. Nxd4 Qxd4 16. Be5 Qa4 17. Rb3 f5 18. Bxb7 Bxb7 19. Rxb7 Bf6 20. Bxf6
Rxf6 21. Rd1 Rg6 22. Qd3 h6 23. h3 Qxa2 24. c4 a5 25. c5 Qa4 26. Qd6 Qe4 27.
Rb8+ Kh7 28. g3 Rxb8 29. Qxb8 f4 30. g4 h5 31. Rd8 Qe1+ 32. Kg2 f3+ 33. Kg3 h4+
34. Kf4 Rf6+ 35. Kg5 Rg6+ 36. Kf4 1/2-1/2

[Event "Magyar rapid bajnokság"]
[Site "Ajka"]
[Date "2020.07.18"]
[Round "7.15"]
[White "Fekete, Albert"]
[Black "Csonka, Balazs"]
[Result "0-1"]
[WhiteElo "2099"]
[BlackElo "2324"]
[PlyCount "66"]
[EventDate "2020.07.17"]
[EventType "swiss"]
[EventRounds "13"]
[EventCountry "HUN"]

1. Nf3 Nf6 2. g3 d5 3. Bg2 c5 4. O-O Nc6 5. d3 e6 6. Nbd2 Be7 7. e4 O-O 8. Re1
b5 9. e5 Nd7 10. Nf1 Bb7 11. h4 Qc7 12. Bf4 Rfc8 13. N1h2 Qd8 14. Ng4 a5 15. h5
h6 16. Qd2 Bf8 17. Ngh2 Ra6 18. g4 Be7 19. c3 a4 20. a3 Rb6 21. d4 cxd4 22.
cxd4 b4 23. g5 hxg5 24. Nxg5 bxa3 25. bxa3 Nxd4 26. Nxf7 Kxf7 27. Qxd4 Rc4 28.
Qd2 Nc5 29. Ra2 Ne4 30. Bxe4 Rxe4 31. Rxe4 dxe4 32. Qe2 Qd3 33. Qd2 Rb1+ 0-1

[Event "Magyar rapid bajnokság"]
[Site "Ajka"]
[Date "2020.07.18"]
[Round "7.16"]
[White "Varga, Peter"]
[Black "Nemeth, Gergely"]
[Result "0-1"]
[WhiteElo "2323"]
[BlackElo "2133"]
[PlyCount "104"]
[EventDate "2020.07.17"]
[EventType "swiss"]
[EventRounds "13"]
[EventCountry "HUN"]

1. d4 d5 2. c4 e6 3. Nc3 Nf6 4. cxd5 exd5 5. Bg5 Be7 6. Qc2 O-O 7. e3 b6 8. Bd3
h6 9. Bh4 Bb7 10. Nf3 c5 11. O-O Nbd7 12. Ne5 Nxe5 13. dxe5 Ng4 14. Bg3 Bh4 15.
Bf4 g5 16. Bg3 Bxg3 17. hxg3 Nxe5 18. Bh7+ Kg7 19. Rad1 Ng4 20. Be4 Nf6 21.
Bxd5 Nxd5 22. Nxd5 Bxd5 23. Qc3+ Qf6 24. Rxd5 Rfd8 25. Rfd1 Qxc3 26. bxc3 Rxd5
27. Rxd5 Kf6 28. Rd6+ Ke5 29. Rxh6 Rd8 30. Rc6 Rd3 31. c4 Rc3 32. Rc7 f6 33.
Rxa7 Rxc4 34. Kf1 Rc2 35. a4 c4 36. a5 bxa5 37. Rxa5+ Ke4 38. Ra8 Rd2 39. Ke1
c3 40. Ra1 Kd3 41. Rc1 Re2+ 42. Kf1 Ra2 43. Ke1 c2 44. f4 Rb2 45. Kf2 Rb1 46.
Rxc2 Kxc2 47. Kf3 Kd3 48. Kg4 Kxe3 49. fxg5 Rb4+ 50. Kh5 Rb5 51. Kg6 Rxg5+ 52.
Kxf6 Rxg3 0-1

[Event "Magyar rapid bajnokság"]
[Site "Ajka"]
[Date "2020.07.18"]
[Round "7.17"]
[White "Juhasz, Barbara"]
[Black "Horvath, Tamas"]
[Result "1/2-1/2"]
[WhiteElo "2099"]
[BlackElo "2320"]
[PlyCount "34"]
[EventDate "2020.07.17"]
[EventType "swiss"]
[EventRounds "13"]
[EventCountry "HUN"]

1. e4 c5 2. Nf3 e6 3. d4 cxd4 4. Nxd4 Nf6 5. Nc3 Nc6 6. Nxc6 bxc6 7. Bd3 d5 8.
O-O Be7 9. Re1 a5 10. Qf3 Ba6 11. Bxa6 Rxa6 12. e5 Nd7 13. Qg3 g6 14. Bh6 Bf8
15. Bg5 Be7 16. Bh6 Bf8 17. Bg5 Be7 1/2-1/2

[Event "Magyar rapid bajnokság"]
[Site "Ajka"]
[Date "2020.07.18"]
[Round "7.18"]
[White "Buzas, Bertalan"]
[Black "Szelenyi, Norbert"]
[Result "1-0"]
[WhiteElo "2080"]
[BlackElo "2317"]
[PlyCount "97"]
[EventDate "2020.07.17"]
[EventType "swiss"]
[EventRounds "13"]
[EventCountry "HUN"]

1. d4 d5 2. Nf3 Nf6 3. Bf4 c5 4. e3 Nc6 5. c3 Qb6 6. Qb3 c4 7. Qxb6 axb6 8. Na3
Bf5 9. Nh4 e6 10. Nb5 Ra5 11. Nd6+ Bxd6 12. Bxd6 Kd7 13. Nxf5 exf5 14. Bg3 b5
15. a3 b4 16. cxb4 Nxb4 17. Rc1 Nc6 18. Be2 Re8 19. O-O b5 20. Bd1 Ne4 21. Bc2
Nxg3 22. fxg3 g6 23. g4 Rxe3 24. gxf5 g5 25. Kf2 Re8 26. f6 Nxd4 27. Rcd1 Nxc2
28. Rxd5+ Kc6 29. Rxg5 Re6 30. Kg3 Ne3 31. Rf3 Nd5 32. Rg7 Ra7 33. Rxh7 Nxf6
34. Rh8 Ne4+ 35. Kf4 Rae7 36. h4 Nd2 37. Rg3 Re4+ 38. Kg5 R4e6 39. Kf4 Rf6+ 40.
Kg4 Ne4 41. Rf3 Rg6+ 42. Kh3 Rd6 43. Rc8+ Kb7 44. Rf8 Rd3 45. Kg4 Nf6+ 46. Rxf6
Rb3 47. R8xf7 Rxf7 48. Rxf7+ Kc6 49. Rf2 1-0

[Event "Magyar rapid bajnokság"]
[Site "Ajka"]
[Date "2020.07.18"]
[Round "7.19"]
[White "Udvardi, Zalan"]
[Black "Deak, Sandor"]
[Result "0-1"]
[WhiteElo "2078"]
[BlackElo "2281"]
[PlyCount "50"]
[EventDate "2020.07.17"]
[EventType "swiss"]
[EventRounds "13"]
[EventCountry "HUN"]

1. e4 e5 2. Nf3 Nc6 3. Bc4 Nf6 4. d4 exd4 5. e5 d5 6. Bb5 Ne4 7. Nxd4 Bd7 8.
Bxc6 bxc6 9. O-O Bc5 10. f3 Ng5 11. f4 Ne6 12. c3 Bb6 13. f5 Nxd4 14. cxd4 Qh4
15. Rf4 Qe7 16. Nc3 Qxe5 17. Kh1 Qf6 18. Qe1+ Kf8 19. Qf2 Re8 20. Bd2 h6 21.
Rf1 Ke7 22. b4 Kf8 23. a4 a6 24. Be1 Qd6 25. Qb2 Rxe1 0-1

[Event "Magyar rapid bajnokság"]
[Site "Ajka"]
[Date "2020.07.18"]
[Round "7.20"]
[White "Farago, Sandor"]
[Black "Szalanczi, Emil"]
[Result "1-0"]
[WhiteElo "2271"]
[BlackElo "2116"]
[PlyCount "57"]
[EventDate "2020.07.17"]
[EventType "swiss"]
[EventRounds "13"]
[EventCountry "HUN"]

1. e4 c5 2. Nf3 d6 3. Bb5+ Nd7 4. c4 e6 5. d4 Qc7 6. dxc5 dxc5 7. Nc3 a6 8. Ba4
Ne7 9. O-O Nc6 10. Re1 Nb6 11. Nd5 Qd8 12. Bf4 Be7 13. Bc7 exd5 14. Bxd8 Kxd8
15. exd5 Nd4 16. Nxd4 cxd4 17. Rxe7 Kxe7 18. Qe2+ Kd8 19. Re1 Bf5 20. Qe7+ Kc8
21. Qc5+ Kb8 22. Qxb6 a5 23. Re7 Ra7 24. Bc6 Bc8 25. Qxd4 Rd8 26. Qb6 Rf8 27.
d6 a4 28. d7 Bxd7 29. Rxd7 1-0

[Event "Magyar rapid bajnokság"]
[Site "Ajka"]
[Date "2020.07.18"]
[Round "7.21"]
[White "Kovacsy, Barnabas"]
[Black "Zentai, Peter"]
[Result "1/2-1/2"]
[WhiteElo "2011"]
[BlackElo "2267"]
[PlyCount "89"]
[EventDate "2020.07.17"]
[EventType "swiss"]
[EventRounds "13"]
[EventCountry "HUN"]

1. e4 e6 2. d4 d5 3. Nc3 Nf6 4. e5 Nfd7 5. f4 c5 6. Nf3 Nc6 7. Be3 cxd4 8. Nxd4
Bc5 9. Nxc6 bxc6 10. Bxc5 Nxc5 11. Bd3 Qb6 12. b3 O-O 13. Qd2 a5 14. a3 Nxd3+
15. Qxd3 f6 16. O-O-O Qc7 17. exf6 Qxf4+ 18. Kb2 Qxf6 19. Rhf1 Qe7 20. Rxf8+
Qxf8 21. Rf1 Qd6 22. Qf3 Ra7 23. h4 e5 24. Rd1 Rf7 25. Qe2 Bf5 26. Qa6 Qg6 27.
Rd2 e4 28. Qxa5 Qf6 29. Qc5 h6 30. a4 Re7 31. Qd4 Bg4 32. Qxf6 gxf6 33. Rf2 Kg7
34. Rf1 d4 35. Na2 Kg6 36. Nb4 c5 37. Nd5 Rf7 38. Nf4+ Kg7 39. Re1 Re7 40. a5
Bc8 41. Nd5 Re5 42. Nb6 Ba6 43. Nd7 Rd5 44. Nb6 Re5 45. Nd7 1/2-1/2

[Event "Magyar rapid bajnokság"]
[Site "Ajka"]
[Date "2020.07.18"]
[Round "7.22"]
[White "Kiss, Pal"]
[Black "Gombocz, Ferenc Jr"]
[Result "1-0"]
[WhiteElo "2264"]
[BlackElo "1943"]
[PlyCount "59"]
[EventDate "2020.07.17"]
[EventType "swiss"]
[EventRounds "13"]
[EventCountry "HUN"]

1. d4 d5 2. c4 c6 3. Nc3 Nf6 4. e3 a6 5. Nf3 Bf5 6. Ne5 h6 7. Qb3 Ra7 8. cxd5
cxd5 9. Bd2 e6 10. Rc1 Nfd7 11. Bb5 Bd6 12. Bxd7+ Nxd7 13. Nxd7 Qxd7 14. Na4
O-O 15. Nb6 Qd8 16. Nc8 Ra8 17. Nxd6 Qxd6 18. Bb4 Qb6 19. Bxf8 Qxb3 20. axb3
Kxf8 21. Rc7 Rb8 22. Kd2 Ke8 23. Rhc1 e5 24. dxe5 Bd7 25. Kd3 Ke7 26. Kd4 Ke6
27. f4 g6 28. g4 Bc6 29. f5+ gxf5 30. Rf1 1-0

[Event "Magyar rapid bajnokság"]
[Site "Ajka"]
[Date "2020.07.18"]
[Round "7.23"]
[White "Ongut, Tamas Gunes"]
[Black "Dobos, Jozsef"]
[Result "1-0"]
[WhiteElo "1979"]
[BlackElo "2254"]
[PlyCount "41"]
[EventDate "2020.07.17"]
[EventType "swiss"]
[EventRounds "13"]
[EventCountry "HUN"]

1. d4 c5 2. d5 g6 3. c4 Bg7 4. Nc3 d6 5. e4 e6 6. Nf3 exd5 7. exd5 Bg4 8. Bd3
Nd7 9. h3 Bxf3 10. Qxf3 Ne5 11. Qe2 Qh4 12. Ne4 Nxd3+ 13. Qxd3 Qe7 14. O-O
O-O-O 15. Bg5 f6 16. Bf4 Bh6 17. Bg3 f5 18. Nxd6+ Rxd6 19. Rfe1 Qd7 20. Bxd6
Qxd6 21. Qc3 1-0

[Event "Magyar rapid bajnokság"]
[Site "Ajka"]
[Date "2020.07.18"]
[Round "7.24"]
[White "Majoros, Rozsa Evelin"]
[Black "Nemeth, Zoltan"]
[Result "1-0"]
[WhiteElo "1879"]
[BlackElo "2247"]
[PlyCount "85"]
[EventDate "2020.07.17"]
[EventType "swiss"]
[EventRounds "13"]
[EventCountry "HUN"]

1. e4 c5 2. Nf3 b6 3. d4 cxd4 4. Nxd4 Bb7 5. Bd3 a6 6. c4 Qc7 7. Nc3 e6 8. a3
d6 9. O-O Nd7 10. Be3 Ngf6 11. Rc1 Be7 12. f3 O-O 13. b4 Rfe8 14. Na4 Rac8 15.
Qd2 Qb8 16. Nb3 Bd8 17. Kh1 Bc7 18. Bg1 Rcd8 19. Qc2 Rc8 20. Rb1 Bc6 21. Nb2 d5
22. exd5 exd5 23. c5 Bb5 24. Nd4 bxc5 25. bxc5 Nxc5 26. Bxb5 axb5 27. Qxc5 Bxh2
28. Qxb5 Qxb5 29. Nxb5 Bxg1 30. Kxg1 Re2 31. Rf2 Re6 32. Nd3 g6 33. a4 Ra6 34.
Ra2 Nd7 35. a5 Rc4 36. Nb4 Ra8 37. Nxd5 Rc5 38. Ndc7 Rc8 39. a6 Nb6 40. a7 Na8
41. Nxa8 Rxa8 42. Nd6 Kg7 43. Rb8 1-0

[Event "Magyar rapid bajnokság"]
[Site "Ajka"]
[Date "2020.07.18"]
[Round "7.25"]
[White "Pasztor, Ferenc"]
[Black "Forgacs, Attila Jr"]
[Result "1-0"]
[WhiteElo "2222"]
[BlackElo "1818"]
[PlyCount "109"]
[EventDate "2020.07.17"]
[EventType "swiss"]
[EventRounds "13"]
[EventCountry "HUN"]

1. d4 Nf6 2. Nf3 g6 3. c4 Bg7 4. Nc3 O-O 5. e4 d6 6. Be2 Nbd7 7. Bg5 h6 8. Bh4
g5 9. Bg3 Nh5 10. Qd2 e5 11. dxe5 Nxg3 12. hxg3 dxe5 13. Nh2 Nf6 14. O-O-O Be6
15. Qe3 Qe7 16. Nd5 Bxd5 17. cxd5 Qd6 18. Ng4 Nxg4 19. Bxg4 c6 20. Rd2 Rfd8 21.
Rhd1 cxd5 22. Rxd5 Qc7+ 23. Qc3 Qxc3+ 24. bxc3 Bf6 25. Rc5 Rxd1+ 26. Kxd1 Re8
27. Rc7 Re7 28. Bd7 b6 29. Rxa7 Kg7 30. Kc2 g4 31. Rb7 Bg5 32. a4 h5 33. Kd3
Bc1 34. Kc4 Bd2 35. f3 gxf3 36. gxf3 Be1 37. Kb5 Bxc3 38. Kxb6 Be1 39. g4 h4
40. g5 Bd2 41. Kc6 Bxg5 42. a5 Kf6 43. a6 Be3 44. a7 Bxa7 45. Rxa7 h3 46. Ra2
Kg5 47. Bxh3 Kf4 48. Bg4 f6 49. Kd6 Rh7 50. Ke6 Rh6 51. Kf7 Kg5 52. Bf5 Rh1 53.
Rg2+ Kf4 54. Kxf6 Kxf3 55. Rg4 1-0

[Event "Magyar rapid bajnokság"]
[Site "Ajka"]
[Date "2020.07.18"]
[Round "8.1"]
[White "Czebe, Attila"]
[Black "Erdos, Viktor"]
[Result "1/2-1/2"]
[WhiteElo "2517"]
[BlackElo "2580"]
[PlyCount "23"]
[EventDate "2020.07.17"]
[EventType "swiss"]
[EventRounds "13"]
[EventCountry "HUN"]

1. Nf3 d5 2. b3 Bg4 3. e3 e5 4. h3 Bxf3 5. Qxf3 e4 6. Qd1 Nd7 7. Bb2 Ngf6 8. d3
Bb4+ 9. Nd2 c6 10. Be2 O-O 11. a3 Ba5 12. Bf1 1/2-1/2

[Event "Magyar rapid bajnokság"]
[Site "Ajka"]
[Date "2020.07.18"]
[Round "8.2"]
[White "Antal, Gergely"]
[Black "Kantor, Gergely"]
[Result "1/2-1/2"]
[WhiteElo "2537"]
[BlackElo "2424"]
[PlyCount "37"]
[EventDate "2020.07.17"]
[EventType "swiss"]
[EventRounds "13"]
[EventCountry "HUN"]

1. e4 e5 2. Nc3 Nf6 3. g3 d5 4. exd5 Nxd5 5. Bg2 Nxc3 6. bxc3 Nc6 7. Nf3 Bc5 8.
O-O O-O 9. d3 Bb6 10. a4 Re8 11. Nd2 Be6 12. Nb3 Na5 13. Nxa5 Bxa5 14. c4 c6
15. Rb1 Qd7 16. Be3 Bg4 17. Bf3 Bh3 18. Bg2 Bg4 19. Bf3 1/2-1/2

[Event "Magyar rapid bajnokság"]
[Site "Ajka"]
[Date "2020.07.18"]
[Round "8.3"]
[White "Balogh, Csaba"]
[Black "Kozak, Adam"]
[Result "0-1"]
[WhiteElo "2653"]
[BlackElo "2438"]
[PlyCount "120"]
[EventDate "2020.07.17"]
[EventType "swiss"]
[EventRounds "13"]
[EventCountry "HUN"]

1. e4 e5 2. Nf3 Nc6 3. Bb5 Nf6 4. d3 Bc5 5. O-O Nd4 6. Nxd4 Bxd4 7. c3 Bb6 8.
Na3 c6 9. Ba4 d6 10. Bb3 Bg4 11. Qe1 Be6 12. Bxe6 fxe6 13. Be3 O-O 14. Nc2 Ng4
15. Bxb6 Qxb6 16. Rb1 Rxf2 17. Rxf2 Rf8 18. Ne3 Nxf2 19. Nc4 Qd8 20. Qe2 Qg5
21. Rf1 Nh3+ 22. Kh1 Nf4 23. Qd2 d5 24. Na5 Qd8 25. Nb3 dxe4 26. dxe4 Qxd2 27.
Nxd2 Nd3 28. Rxf8+ Kxf8 29. b4 Ke7 30. Kg1 Nc1 31. Kf2 Nxa2 32. Nb1 Nc1 33. Ke3
a5 34. Kd2 Nb3+ 35. Kc2 a4 36. Na3 b5 37. Kd3 Kd6 38. Kc2 Kc7 39. Nb1 c5 40.
Kd3 Kc6 41. Na3 cxb4 42. cxb4 Nd4 43. Ke3 Kd6 44. Kd3 Ke7 45. h4 g5 46. hxg5
Kf7 47. Ke3 Kg6 48. g3 Kxg5 49. Kf2 Kg4 50. Kg2 h5 51. Kf2 Kh3 52. Nb1 Nc2 53.
Nc3 Nxb4 54. Nxb5 Nc2 55. Nc3 a3 56. Na2 Nd4 57. Nc3 Nb3 58. Na2 Nd2 59. Nc3
Nxe4+ 60. Nxe4 a2 0-1

[Event "Magyar rapid bajnokság"]
[Site "Ajka"]
[Date "2020.07.18"]
[Round "8.5"]
[White "Bagi, Mate"]
[Black "Balog, Imre"]
[Result "1-0"]
[WhiteElo "2462"]
[BlackElo "2626"]
[PlyCount "119"]
[EventDate "2020.07.17"]
[EventType "swiss"]
[EventRounds "13"]
[EventCountry "HUN"]

1. e4 e6 2. d4 d5 3. Nc3 Nc6 4. Nf3 Nf6 5. Bd3 Bb4 6. O-O Bxc3 7. exd5 exd5 8.
bxc3 O-O 9. h3 Re8 10. Re1 Ne4 11. c4 Bf5 12. cxd5 Qxd5 13. c4 Qd7 14. Bb2 Nd6
15. Bf1 Rxe1 16. Qxe1 Re8 17. Qd2 f6 18. d5 Nd8 19. Nd4 Bg6 20. Re1 c5 21. dxc6
Nxc6 22. Nb3 Rxe1 23. Qxe1 Bf7 24. c5 Nc4 25. Bc3 N4e5 26. Qd2 Qxd2 27. Bxd2
Nd7 28. Be3 Nb4 29. Bb5 Nxa2 30. Bxd7 Bxb3 31. Bd2 Kf7 32. f4 Be6 33. Bb5 Ke7
34. g4 Kd8 35. Kf2 Kc7 36. f5 Bf7 37. Bf4+ Kd8 38. Bd2 b6 39. c6 Bd5 40. Ke3 a5
41. Kd4 Bg2 42. Bf4 Nb4 43. c7+ Kc8 44. Bd6 Nc6+ 45. Ke3 Na7 46. Bc4 Bxh3 47.
Be6+ Kb7 48. Bd5+ Ka6 49. Be6 Bxg4 50. c8=Q+ Nxc8 51. Bxc8+ Kb5 52. Bf8 a4 53.
Kf4 h5 54. Bxg7 Kc6 55. Bxf6 b5 56. Bc3 Bxf5 57. Bxf5 Kc5 58. Ke3 b4 59. Bd4+
Kc4 60. Be6+ 1-0

[Event "Magyar rapid bajnokság"]
[Site "Ajka"]
[Date "2020.07.18"]
[Round "8.6"]
[White "Nagy, Gabor"]
[Black "Mihok, Oliver"]
[Result "1/2-1/2"]
[WhiteElo "2523"]
[BlackElo "2508"]
[PlyCount "23"]
[EventDate "2020.07.17"]
[EventType "swiss"]
[EventRounds "13"]
[EventCountry "HUN"]

1. c4 c5 2. Nc3 Nc6 3. g3 g6 4. Bg2 Bg7 5. e3 e5 6. Nge2 Nge7 7. O-O O-O 8. d3
d6 9. a3 Be6 10. Nd5 Rb8 11. Nec3 a6 12. b4 1/2-1/2

[Event "Magyar rapid bajnokság"]
[Site "Ajka"]
[Date "2020.07.18"]
[Round "8.7"]
[White "Papp, Gabor"]
[Black "Kiss, Pal"]
[Result "1/2-1/2"]
[WhiteElo "2603"]
[BlackElo "2264"]
[PlyCount "114"]
[EventDate "2020.07.17"]
[EventType "swiss"]
[EventRounds "13"]
[EventCountry "HUN"]

1. e4 c5 2. Nf3 Nc6 3. Bb5 e6 4. O-O Nge7 5. d4 cxd4 6. Nxd4 Nxd4 7. Qxd4 a6 8.
Be2 Nc6 9. Qc3 Qf6 10. Qxf6 gxf6 11. b3 Bg7 12. Bb2 O-O 13. Nd2 b5 14. a4 Rb8
15. axb5 axb5 16. f4 Rd8 17. Bf3 Nb4 18. Rfc1 Bb7 19. Ba3 Bf8 20. Bb2 Bg7 21.
Ra5 Ba8 22. Be2 d5 23. e5 fxe5 24. Bxe5 Bxe5 25. fxe5 Nc6 26. Rxb5 Rxb5 27.
Bxb5 Nxe5 28. Re1 f6 29. Ra1 Bc6 30. Bf1 Ra8 31. Rxa8+ Bxa8 32. c3 Kf7 33. Kf2
Ke7 34. b4 Kd6 35. Nb3 Bc6 36. Be2 Nf7 37. h4 e5 38. g4 h6 39. Ke3 Nd8 40. Ba6
Bb7 41. Be2 Ne6 42. Bf1 Bc6 43. Be2 Ba4 44. Nd2 Bc6 45. Bf1 Nf4 46. Nf3 Ne6 47.
Ba6 Nc7 48. Be2 Ne6 49. Nd2 Nf4 50. Bf3 Ng6 51. h5 Nf4 52. Nf1 Bd7 53. Ng3 Nh3
54. Be2 Ng5 55. Bd1 Nf7 56. Be2 Ng5 57. Bd1 Nf7 1/2-1/2

[Event "Magyar rapid bajnokság"]
[Site "Ajka"]
[Date "2020.07.18"]
[Round "8.8"]
[White "Nemeth, Gergely"]
[Black "Aczel, Gergely"]
[Result "0-1"]
[WhiteElo "2133"]
[BlackElo "2506"]
[PlyCount "56"]
[EventDate "2020.07.17"]
[EventType "swiss"]
[EventRounds "13"]
[EventCountry "HUN"]

1. e4 c5 2. Nf3 d6 3. d4 cxd4 4. Nxd4 Nf6 5. Nc3 a6 6. h3 b5 7. g4 Bb7 8. Bg2
Nc6 9. O-O Rc8 10. a4 b4 11. Nd5 e6 12. Re1 Nxd4 13. Qxd4 exd5 14. exd5+ Be7
15. g5 Nh5 16. Qxb4 Rc7 17. Be3 O-O 18. Bb6 Qd7 19. Bxc7 Qxc7 20. Qg4 g6 21. c4
Bc8 22. Qh4 h6 23. Qe4 Bxg5 24. b4 Bf5 25. Qe2 Nf4 26. Qa2 Nd3 27. Be4 Nxe1 28.
Bxf5 Nf3+ 0-1

[Event "Magyar rapid bajnokság"]
[Site "Ajka"]
[Date "2020.07.18"]
[Round "8.9"]
[White "Havanecz, Bianka"]
[Black "Kaczur, Florian"]
[Result "0-1"]
[WhiteElo "2122"]
[BlackElo "2454"]
[PlyCount "102"]
[EventDate "2020.07.17"]
[EventType "swiss"]
[EventRounds "13"]
[EventCountry "HUN"]

1. d4 d6 2. c4 e5 3. Nc3 exd4 4. Qxd4 Nc6 5. Qd2 Nf6 6. g3 Be6 7. Nd5 g6 8. Bg2
Bg7 9. Nh3 Ne5 10. Qb4 c6 11. Ne3 O-O 12. Nf4 Qc7 13. O-O a5 14. Nxe6 fxe6 15.
Qd2 d5 16. cxd5 exd5 17. b3 Rae8 18. Ba3 Rf7 19. Rac1 Qd8 20. Bb2 Rfe7 21. Ba3
Rf7 22. h3 Bh6 23. Bc5 Ned7 24. Bd4 Ne4 25. Bxe4 Rxe4 26. f4 Bg7 27. Bxg7 Rxg7
28. Ng4 Nf6 29. Nf2 Re8 30. Rc5 Rge7 31. Re1 Re3 32. Kg2 Nh5 33. Rc3 d4 34. Rd3
c5 35. Ng4 R3e7 36. Rf3 Rf8 37. Qd3 Ng7 38. e4 dxe3 39. Rexe3 Qxd3 40. Rxd3 Nf5
41. Rf2 Nd4 42. h4 Kg7 43. Ne5 b6 44. Rb2 Rfe8 45. a3 Nb5 46. b4 cxb4 47. axb4
a4 48. Rd5 Nc3 49. Rd3 a3 50. Rc2 a2 51. Rc1 Nb1 0-1

[Event "Magyar rapid bajnokság"]
[Site "Ajka"]
[Date "2020.07.18"]
[Round "8.10"]
[White "Ruck, Robert"]
[Black "Pasztor, Ferenc"]
[Result "1-0"]
[WhiteElo "2453"]
[BlackElo "2222"]
[PlyCount "139"]
[EventDate "2020.07.17"]
[EventType "swiss"]
[EventRounds "13"]
[EventCountry "HUN"]

1. Nf3 Nf6 2. c4 c5 3. Nc3 Nc6 4. g3 g6 5. Bg2 Bg7 6. d4 cxd4 7. Nxd4 O-O 8.
O-O Ng4 9. e3 Nge5 10. b3 d6 11. h3 a6 12. Bb2 Bd7 13. Rb1 Rb8 14. Nde2 Na7 15.
f4 Nec6 16. Nd5 Bxb2 17. Rxb2 b5 18. cxb5 Nxb5 19. e4 e6 20. Ne3 Qb6 21. Qd2
Ncd4 22. Kh2 Nxe2 23. Qxe2 Nd4 24. Qd2 Qb4 25. Nc4 Qc5 26. Rd1 e5 27. fxe5 dxe5
28. Nxe5 Qxe5 29. Qxd4 Qxd4 30. Rxd4 Be6 31. Ra4 Rb6 32. Bf1 Ra8 33. Rc2 Bd7
34. Rd4 Bb5 35. Bg2 Ra7 36. Kg1 Kg7 37. Kf2 Rd7 38. Rxd7 Bxd7 39. Rc5 Bb5 40.
Ke3 Rd6 41. Rd5 Rf6 42. Bf3 Bf1 43. h4 Rc6 44. Kf2 Bh3 45. Ra5 Rc2+ 46. Ke3
Rc3+ 47. Kf4 Bf1 48. e5 h6 49. Bb7 g5+ 50. hxg5 hxg5+ 51. Kxg5 Rxg3+ 52. Kf4
Rg6 53. Be4 Rb6 54. Bd5 Rb4+ 55. Ke3 Kg6 56. Rc5 Rh4 57. Be4+ Kg7 58. Rc7 Kf8
59. Bd5 Rh7 60. Ra7 Bb5 61. a4 Bf1 62. Kf2 Bd3 63. b4 Rg7 64. Ke3 Bf1 65. Rb7
Rh7 66. b5 axb5 67. axb5 Ke8 68. b6 Ba6 69. Ra7 Bc8 70. Ke4 1-0